00481nam a2200193 a 4500001001300000003000900013005001700022008004100039020001000080082001500090100002100105245002500126260004100151300000900192500003500201505001000236650002000246700002100266nice12345678IN_TiNIC20260116011530.0050524s1962 newa grp 000 0 eng  ac62500a299.6bMEN aMendolsohn, Jack aGod, Allah and Ju Ju aNew YorkbThomas Nelson & Sonsc1962 a240p aincludes index and biblioraphy2 aIndex aReligion-Africa1 aMendolsohn, Jack